00273nam a2200109Ia 4500008004100000041000800041082000800049100002400057245004100081250000600122260003500128221102s9999 xx 000 0 und d aeng bNag aNagarajan T. K . aModern English Poetry in India a1 bKumud Publicationc1905-07-06